[Event "2024 US National High School (K-12) Championship"]
[Site "Baltimore, Maryland, United States"]
[Date "2024.04.05"]
[Round "2.9"]
[White "Liu, Ethan"]
[Black "Park, Evan"]
[Result "1/2-1/2"]
[TimeControl "G/90; d10"]
[BlackTitle "IM"]
[WhiteFideId "30982766"]
[BlackFideId "30931142"]
[WhiteElo "2125"]
[BlackElo "2452"]

1. e4 {[%clk 01:30:00]} {[%emt 00:00:05]} c5 {[%clk 01:29:31]} {[%emt
00:00:40]} 2. Nf3 {[%clk 01:30:00]} {[%emt 00:00:06]} Nc6 {[%clk 01:29:31]}
{[%emt 00:00:03]} 3. d4 {[%clk 01:30:00]} {[%emt 00:00:08]} cxd4 {[%clk
01:29:31]} {[%emt 00:00:03]} 4. Nxd4 {[%clk 01:30:00]} {[%emt 00:00:04]} Nf6
{[%clk 01:29:13]} {[%emt 00:00:28]} 5. Nc3 {[%clk 01:30:00]} {[%emt 00:00:05]}
d6 {[%clk 01:29:13]} {[%emt 00:00:03]} 6. Bg5 {[%clk 01:30:00]} {[%emt
00:00:06]} e6 {[%clk 01:28:33]} {[%emt 00:00:50]} 7. Qd2 {[%clk 01:29:56]}
{[%emt 00:00:15]} a6 {[%clk 01:28:33]} {[%emt 00:00:03]} 8. O-O-O {[%clk
01:29:55]} {[%emt 00:00:11]} Bd7 {[%clk 01:28:33]} {[%emt 00:00:08]} 9. f4
{[%clk 01:29:55]} {[%emt 00:00:07]} Be7 {[%clk 01:27:50]} {[%emt 00:00:52]} 10.
Nf3 {[%clk 01:29:51]} {[%emt 00:00:14]} b5 {[%clk 01:27:30]} {[%emt 00:00:31]}
11. e5 {[%clk 01:29:29]} {[%emt 00:00:33]} b4 {[%clk 01:27:30]} {[%emt
00:00:07]} 12. exf6 {[%clk 01:29:27]} {[%emt 00:00:11]} bxc3 {[%clk 01:27:30]}
{[%emt 00:00:03]} 13. Qxc3 {[%clk 01:29:23]} {[%emt 00:00:13]} gxf6 {[%clk
01:27:14]} {[%emt 00:00:26]} 14. Bh4 {[%clk 01:27:25]} {[%emt 00:02:08]} Rg8
{[%clk 01:25:54]} {[%emt 00:01:30]} 15. Nd4 {[%clk 01:24:07]} {[%emt 00:03:27]}
Nxd4 {[%clk 01:16:13]} {[%emt 00:09:51]} 16. Qxd4 {[%clk 01:23:04]} {[%emt
00:01:13]} Rg4 {[%clk 01:13:42]} {[%emt 00:02:41]} 17. g3 {[%clk 01:13:39]}
{[%emt 00:09:35]} d5 {[%clk 00:56:11]} {[%emt 00:17:41]} 18. Be2 {[%clk
01:09:45]} {[%emt 00:04:04]} Rxh4 {[%clk 00:49:49]} {[%emt 00:06:32]} 19. gxh4
{[%clk 01:09:10]} {[%emt 00:00:46]} Bd6 {[%clk 00:44:06]} {[%emt 00:05:53]} 20.
Kb1 {[%clk 00:54:12]} {[%emt 00:15:08]} Rb8 {[%clk 00:41:53]} {[%emt 00:02:22]}
21. Rhf1 {[%clk 00:46:46]} {[%emt 00:07:36]} Rb4 {[%clk 00:32:52]} {[%emt
00:09:10]} 22. c4 {[%clk 00:38:28]} {[%emt 00:08:29]} Bc6 {[%clk 00:22:44]}
{[%emt 00:10:17]} 23. a3 {[%clk 00:28:25]} {[%emt 00:10:14]} Ra4 {[%clk
00:22:11]} {[%emt 00:00:44]} 24. Qc3 {[%clk 00:26:48]} {[%emt 00:01:47]} Qb6
{[%clk 00:17:15]} {[%emt 00:05:05]} 25. Ka2 {[%clk 00:17:21]} {[%emt 00:09:38]}
Ke7 {[%clk 00:15:22]} {[%emt 00:02:02]} 26. Rc1 {[%clk 00:14:09]} {[%emt
00:03:22]} dxc4 {[%clk 00:12:52]} {[%emt 00:02:40]} 27. Bf3 {[%clk 00:12:34]}
{[%emt 00:01:45]} Bb5 {[%clk 00:12:10]} {[%emt 00:00:52]} 28. Bd1 {[%clk
00:10:43]} {[%emt 00:02:01]} Ra5 {[%clk 00:12:10]} {[%emt 00:00:05]} 29. Be2
{[%clk 00:10:22]} {[%emt 00:00:32]} Ra4 {[%clk 00:11:52]} {[%emt 00:00:27]} 30.
Bd1 {[%clk 00:10:10]} {[%emt 00:00:22]} Ra5 {[%clk 00:11:35]} {[%emt 00:00:28]}
31. Be2 {[%clk 00:10:10]} 1/2-1/2

[Event "2024 US National High School (K-12) Championship"]
[Site "Baltimore, Maryland, United States"]
[Date "2024.04.05"]
[Round "2.10"]
[White "Baalla, Nura"]
[Black "Luo, Terry"]
[Result "1-0"]
[TimeControl "G/90; d10"]
[BlackTitle "FM"]
[WhiteFideId "30930685"]
[BlackFideId "30931045"]
[WhiteElo "2116"]
[BlackElo "2417"]

1. e4 {[%clk 01:30:00]} {[%emt 00:00:01]} e5 {[%clk 01:30:00]} {[%emt
00:00:02]} 2. Nf3 {[%clk 01:30:00]} {[%emt 00:00:06]} Nc6 {[%clk 01:30:00]}
{[%emt 00:00:02]} 3. Bc4 {[%clk 01:30:00]} {[%emt 00:00:07]} Bc5 {[%clk
01:30:00]} {[%emt 00:00:04]} 4. c3 {[%clk 01:30:00]} {[%emt 00:00:05]} Nf6
{[%clk 01:30:00]} {[%emt 00:00:03]} 5. d3 {[%clk 01:30:00]} {[%emt 00:00:07]}
d6 {[%clk 01:30:00]} {[%emt 00:00:02]} 6. h3 {[%clk 01:29:59]} {[%emt
00:00:12]} h6 {[%clk 01:30:00]} {[%emt 00:00:03]} 7. Bb3 {[%clk 01:29:48]}
{[%emt 00:00:20]} Qe7 {[%clk 01:29:37]} {[%emt 00:00:34]} 8. Nbd2 {[%clk
01:29:16]} {[%emt 00:00:42]} Bd7 {[%clk 01:29:37]} {[%emt 00:00:06]} 9. Nf1
{[%clk 01:25:44]} {[%emt 00:03:41]} O-O-O {[%clk 01:29:37]} {[%emt 00:00:05]}
10. Bc2 {[%clk 01:24:20]} {[%emt 00:01:33]} g5 {[%clk 01:21:11]} {[%emt
00:08:37]} 11. b4 {[%clk 01:19:19]} {[%emt 00:05:11]} Bb6 {[%clk 01:21:11]}
{[%emt 00:00:02]} 12. N3h2 {[%clk 01:06:00]} {[%emt 00:13:30]} d5 {[%clk
01:12:50]} {[%emt 00:08:31]} 13. Qe2 {[%clk 01:02:01]} {[%emt 00:04:08]} d4
{[%clk 01:06:10]} {[%emt 00:06:50]} 14. b5 {[%clk 01:01:06]} {[%emt 00:01:06]}
Nb8 {[%clk 01:06:10]} {[%emt 00:00:01]} 15. c4 {[%clk 01:00:25]} {[%emt
00:00:51]} Ba5+ {[%clk 01:06:10]} {[%emt 00:00:01]} 16. Kd1 {[%clk 00:52:08]}
{[%emt 00:08:26]} Be6 {[%clk 00:55:49]} {[%emt 00:10:31]} 17. Nd2 {[%clk
00:41:40]} {[%emt 00:10:38]} Nbd7 {[%clk 00:55:06]} {[%emt 00:00:54]} 18. Rb1
{[%clk 00:39:48]} {[%emt 00:02:02]} Kb8 {[%clk 00:54:03]} {[%emt 00:01:13]} 19.
Rb3 {[%clk 00:36:55]} {[%emt 00:03:03]} Bb4 {[%clk 00:53:52]} {[%emt 00:00:21]}
20. Nb1 {[%clk 00:33:05]} {[%emt 00:03:59]} Bd6 {[%clk 00:50:10]} {[%emt
00:03:53]} 21. Bd2 {[%clk 00:25:09]} {[%emt 00:08:06]} Rdg8 {[%clk 00:48:19]}
{[%emt 00:01:59]} 22. g4 {[%clk 00:16:51]} {[%emt 00:08:29]} h5 {[%clk
00:47:32]} {[%emt 00:00:57]} 23. f3 {[%emt 00:02:03]} hxg4 {[%clk 00:39:00]}
{[%emt 00:06:55]} 24. hxg4 {[%clk 00:16:46]} {[%emt 00:00:07]} Nc5 {[%clk
00:39:00]} {[%emt 00:00:04]} 25. Rb2 {[%clk 00:16:14]} {[%emt 00:00:42]} Nfd7
{[%clk 00:39:00]} {[%emt 00:00:09]} 26. Qg2 {[%clk 00:14:43]} {[%emt 00:01:41]}
Qf6 {[%clk 00:38:35]} {[%emt 00:00:34]} 27. Nf1 {[%clk 00:13:39]} {[%emt
00:01:15]} Rxh1 {[%clk 00:37:01]} {[%emt 00:01:44]} 28. Qxh1 {[%clk 00:13:39]}
{[%emt 00:00:01]} Rh8 {[%clk 00:37:01]} {[%emt 00:00:01]} 29. Qg2 {[%clk
00:13:39]} {[%emt 00:00:04]} Qh6 {[%clk 00:36:57]} {[%emt 00:00:14]} 30. Ke2
{[%clk 00:12:38]} {[%emt 00:01:12]} f6 {[%clk 00:36:39]} {[%emt 00:00:28]} 31.
Ng3 {[%clk 00:11:41]} {[%emt 00:01:07]} Nf8 {[%clk 00:35:05]} {[%emt 00:01:43]}
32. a4 {[%clk 00:09:26]} {[%emt 00:02:27]} Ng6 {[%clk 00:34:32]} {[%emt
00:00:42]} 33. Kf2 {[%clk 00:06:33]} {[%emt 00:03:03]} Qh4 {[%clk 00:29:01]}
{[%emt 00:05:40]} 34. Kf1 {[%clk 00:05:37]} {[%emt 00:01:06]} Nf4 {[%clk
00:28:09]} {[%emt 00:01:02]} 35. Bxf4 {[%clk 00:05:37]} {[%emt 00:00:02]} exf4
{[%clk 00:28:09]} {[%emt 00:00:07]} 36. Ne2 {[%clk 00:05:26]} {[%emt 00:00:21]}
Bxc4 {[%clk 00:27:50]} {[%emt 00:00:29]} 37. dxc4 {[%clk 00:02:43]} {[%emt
00:02:52]} d3 {[%clk 00:27:50]} {[%emt 00:00:01]} 38. Nec3 {[%clk 00:00:54]}
{[%emt 00:02:00]} dxc2 {[%clk 00:26:53]} {[%emt 00:01:07]} 39. Rxc2 {[%clk
00:00:54]} {[%emt 00:00:01]} Nd3 {[%clk 00:26:23]} {[%emt 00:00:40]} 40. Ke2
{[%clk 00:00:54]} {[%emt 00:00:01]} Ne1 {[%clk 00:26:17]} {[%emt 00:00:16]} 1-0

[Event "2024 US National High School (K-12) Championship"]
[Site "Baltimore, Maryland, United States"]
[Date "2024.04.05"]
[Round "2.11"]
[White "Pan, Kevin"]
[Black "Qian, Bobby"]
[Result "0-1"]
[TimeControl "G/90; d10"]
[WhiteTitle "FM"]
[BlackTitle "CM"]
[WhiteFideId "30915708"]
[BlackFideId "30965241"]
[WhiteElo "2295"]
[BlackElo "2116"]

1. e4 {[%clk 01:30:00]} {[%emt 00:00:02]} e5 {[%clk 01:30:00]} {[%emt
00:00:05]} 2. Nf3 {[%clk 01:30:00]} {[%emt 00:00:04]} Nc6 {[%clk 01:30:00]}
{[%emt 00:00:03]} 3. Bb5 {[%clk 01:30:00]} {[%emt 00:00:04]} a6 {[%clk
01:30:00]} {[%emt 00:00:04]} 4. Ba4 {[%clk 01:30:00]} {[%emt 00:00:03]} Nf6
{[%clk 01:30:00]} {[%emt 00:00:04]} 5. Bxc6 {[%clk 01:30:00]} {[%emt 00:00:05]}
dxc6 {[%clk 01:30:00]} {[%emt 00:00:11]} 6. d3 {[%clk 01:30:00]} {[%emt
00:00:03]} Bd6 {[%clk 01:29:23]} {[%emt 00:00:46]} 7. Nbd2 {[%clk 01:30:00]}
{[%emt 00:00:04]} Be6 {[%clk 01:27:55]} {[%emt 00:01:39]} 8. b3 {[%clk
01:29:45]} {[%emt 00:00:26]} Nd7 {[%clk 01:25:35]} {[%emt 00:02:29]} 9. Nc4
{[%clk 01:27:56]} {[%emt 00:01:59]} Qe7 {[%clk 01:18:15]} {[%emt 00:07:29]} 10.
O-O {[%clk 01:26:59]} {[%emt 00:01:07]} f6 {[%clk 01:17:54]} {[%emt 00:00:31]}
11. Nh4 {[%clk 01:19:49]} {[%emt 00:07:21]} g5 {[%clk 01:13:59]} {[%emt
00:04:04]} 12. Nf5 {[%clk 01:17:36]} {[%emt 00:02:23]} Bxf5 {[%clk 01:13:23]}
{[%emt 00:00:45]} 13. exf5 {[%clk 01:17:36]} {[%emt 00:00:08]} h5 {[%clk
01:12:28]} {[%emt 00:01:05]} 14. d4 {[%clk 01:05:12]} {[%emt 00:12:35]} O-O-O
{[%clk 01:10:33]} {[%emt 00:02:04]} 15. Bb2 {[%clk 00:56:41]} {[%emt 00:08:41]}
Qh7 {[%clk 01:00:54]} {[%emt 00:09:49]} 16. Qd3 {[%clk 00:33:26]} {[%emt
00:23:25]} exd4 {[%clk 00:55:03]} {[%emt 00:06:01]} 17. Qxd4 {[%clk 00:25:18]}
{[%emt 00:08:19]} Bc5 {[%clk 00:52:43]} {[%emt 00:02:29]} 18. Qe4 {[%clk
00:24:56]} {[%emt 00:00:32]} Rhe8 {[%clk 00:51:40]} {[%emt 00:01:12]} 19. Qf3
{[%clk 00:24:53]} {[%emt 00:00:15]} Bf8 {[%clk 00:38:22]} {[%emt 00:13:27]} 20.
Ne3 {[%clk 00:17:54]} {[%emt 00:07:09]} Ne5 {[%clk 00:34:39]} {[%emt 00:03:52]}
21. Bxe5 {[%clk 00:17:00]} {[%emt 00:01:05]} Rxe5 {[%emt 00:00:14]} 22. Rad1
{[%clk 00:13:11]} {[%emt 00:03:57]} Rde8 {[%clk 00:28:42]} {[%emt 00:06:05]} 23.
Qh3 {[%clk 00:09:06]} {[%emt 00:04:15]} Kb8 {[%clk 00:19:28]} {[%emt 00:09:25]}
24. Nc4 {[%clk 00:08:25]} {[%emt 00:00:51]} g4 {[%clk 00:14:26]} {[%emt
00:05:12]} 25. Qc3 {[%clk 00:06:48]} {[%emt 00:01:46]} Rxf5 {[%clk 00:13:40]}
{[%emt 00:00:55]} 26. Qd3 {[%clk 00:06:28]} {[%emt 00:00:30]} Qg6 {[%clk
00:09:34]} {[%emt 00:04:17]} 27. Rfe1 {[%clk 00:06:02]} {[%emt 00:00:37]} Rc8
{[%clk 00:03:56]} {[%emt 00:05:48]} 28. Re2 {[%clk 00:04:56]} {[%emt 00:01:16]}
Rd5 {[%clk 00:03:44]} {[%emt 00:00:22]} 29. Qxd5 {[%clk 00:04:48]} {[%emt
00:00:19]} cxd5 {[%clk 00:03:44]} {[%emt 00:00:01]} 30. Rxd5 {[%clk 00:04:48]}
{[%emt 00:00:01]} Re8 {[%clk 00:03:33]} {[%emt 00:00:21]} 31. Ne3 {[%clk
00:04:18]} {[%emt 00:00:39]} Bh6 {[%clk 00:03:25]} {[%emt 00:00:18]} 32. Rd3
{[%clk 00:04:17]} {[%emt 00:00:12]} Qe4 {[%clk 00:03:06]} {[%emt 00:00:29]} 33.
Red2 {[%clk 00:03:57]} {[%emt 00:00:30]} f5 {[%clk 00:02:39]} {[%emt 00:00:37]}
34. Rd4 {[%clk 00:03:24]} {[%emt 00:00:42]} Qe5 {[%clk 00:02:23]} {[%emt
00:00:25]} 35. Rd5 {[%clk 00:03:19]} {[%emt 00:00:16]} Qe6 {[%clk 00:02:05]}
{[%emt 00:00:29]} 36. R2d3 {[%clk 00:02:31]} {[%emt 00:00:58]} Bxe3 {[%clk
00:01:42]} {[%emt 00:00:32]} 37. fxe3 {[%clk 00:02:15]} {[%emt 00:00:26]} f4
{[%clk 00:01:42]} {[%emt 00:00:04]} 38. Kf1 {[%clk 00:01:53]} {[%emt 00:00:33]}
fxe3 {[%clk 00:01:42]} {[%emt 00:00:02]} 39. Ke2 {[%clk 00:01:53]} Qe4 {[%clk
00:01:03]} {[%emt 00:00:49]} 40. Rd8+ {[%clk 00:01:50]} {[%emt 00:00:13]} Rxd8
{[%clk 00:01:03]} {[%emt 00:00:01]} 41. Rxd8+ {[%clk 00:01:50]} Ka7 {[%clk
00:01:03]} {[%emt 00:00:01]} 0-1

[Event "2024 US National High School (K-12) Championship"]
[Site "Baltimore, Maryland, United States"]
[Date "2024.04.05"]
[Round "2.12"]
[White "Pillai, Adithya"]
[Black "Clasby, Derek"]
[Result "0-1"]
[TimeControl "G/90; d10"]
[WhiteFideId "30937396"]
[BlackFideId "30932300"]
[WhiteElo "2108"]
[BlackElo "2393"]

1. d4 {[%clk 01:30:00]} {[%emt 00:00:04]} Nf6 {[%clk 01:29:54]} {[%emt
00:00:16]} 2. Nc3 {[%clk 01:29:59]} {[%emt 00:00:11]} d5 {[%clk 01:29:37]}
{[%emt 00:00:28]} 3. Bf4 {[%clk 01:29:59]} {[%emt 00:00:04]} Bf5 {[%clk
01:28:29]} {[%emt 00:01:18]} 4. e3 {[%clk 01:29:54]} {[%emt 00:00:15]} e6
{[%clk 01:27:58]} {[%emt 00:00:41]} 5. Bd3 {[%clk 01:28:19]} {[%emt 00:01:45]}
Bb4 {[%clk 01:23:48]} {[%emt 00:04:20]} 6. Nge2 {[%clk 01:26:01]} {[%emt
00:02:28]} O-O {[%clk 01:19:20]} {[%emt 00:04:38]} 7. O-O {[%clk 01:25:12]}
{[%emt 00:00:59]} a6 {[%clk 01:05:28]} {[%emt 00:14:02]} 8. Ng3 {[%clk
01:19:17]} {[%emt 00:06:05]} Bg6 {[%clk 01:02:09]} {[%emt 00:03:29]} 9. Nce2
{[%clk 01:17:01]} {[%emt 00:02:26]} Nbd7 {[%clk 00:56:10]} {[%emt 00:06:10]} 10.
a3 {[%clk 01:11:27]} {[%emt 00:05:43]} Bd6 {[%clk 00:55:15]} {[%emt 00:01:05]}
11. c4 {[%clk 01:02:36]} {[%emt 00:09:02]} dxc4 {[%clk 00:45:21]} {[%emt
00:10:04]} 12. Bxc4 {[%clk 01:02:36]} {[%emt 00:00:10]} e5 {[%clk 00:34:22]}
{[%emt 00:11:09]} 13. Bg5 {[%clk 00:56:00]} {[%emt 00:06:44]} h6 {[%clk
00:33:24]} {[%emt 00:01:08]} 14. Bh4 {[%clk 00:54:00]} {[%emt 00:02:10]} Qe8
{[%clk 00:32:34]} {[%emt 00:01:01]} 15. Rc1 {[%clk 00:49:03]} {[%emt 00:05:06]}
Bh7 {[%clk 00:27:11]} {[%emt 00:05:34]} 16. Bxf6 {[%clk 00:43:42]} {[%emt
00:05:31]} Nxf6 {[%clk 00:26:04]} {[%emt 00:01:17]} 17. Qb3 {[%clk 00:31:33]}
{[%emt 00:12:19]} Rb8 {[%clk 00:23:19]} {[%emt 00:02:55]} 18. Rfd1 {[%clk
00:27:27]} {[%emt 00:04:15]} e4 {[%clk 00:21:51]} {[%emt 00:01:39]} 19. Nc3
{[%clk 00:25:18]} {[%emt 00:02:19]} h5 {[%clk 00:20:05]} {[%emt 00:01:55]} 20.
a4 {[%clk 00:22:12]} {[%emt 00:03:17]} c6 {[%clk 00:15:11]} {[%emt 00:05:04]}
21. a5 {[%clk 00:21:17]} {[%emt 00:01:05]} h4 {[%clk 00:13:42]} {[%emt
00:01:39]} 22. Nf1 {[%clk 00:20:59]} {[%emt 00:00:28]} Bf5 {[%clk 00:11:03]}
{[%emt 00:02:49]} 23. Ne2 {[%clk 00:17:29]} {[%emt 00:03:40]} Qe7 {[%clk
00:09:19]} {[%emt 00:01:54]} 24. Nc3 {[%clk 00:15:26]} {[%emt 00:02:13]} Nh7
{[%clk 00:07:50]} {[%emt 00:01:38]} 25. Qc2 {[%clk 00:12:59]} {[%emt 00:02:38]}
Ng5 {[%clk 00:06:59]} {[%emt 00:01:00]} 26. f4 {[%clk 00:11:38]} {[%emt
00:01:31]} Nh7 {[%clk 00:06:49]} {[%emt 00:00:20]} 27. Qf2 {[%clk 00:10:24]}
{[%emt 00:01:25]} g6 {[%clk 00:06:00]} {[%emt 00:00:59]} 28. Nd2 {[%clk
00:08:13]} {[%emt 00:02:21]} Kg7 {[%clk 00:05:34]} {[%emt 00:00:37]} 29. Be2
{[%clk 00:07:41]} {[%emt 00:00:42]} Rbd8 {[%clk 00:04:39]} {[%emt 00:01:05]} 30.
Nc4 {[%clk 00:07:28]} {[%emt 00:00:23]} Bb8 {[%clk 00:03:27]} {[%emt 00:01:21]}
31. Na4 {[%clk 00:05:26]} {[%emt 00:02:12]} Rh8 {[%clk 00:02:49]} {[%emt
00:00:47]} 32. Nab6 {[%clk 00:04:09]} {[%emt 00:01:28]} Nf6 {[%clk 00:02:49]}
{[%emt 00:00:04]} 33. Qe1 {[%clk 00:03:56]} {[%emt 00:00:23]} Bc7 {[%clk
00:02:42]} {[%emt 00:00:18]} 34. Qc3 {[%clk 00:03:17]} {[%emt 00:00:49]} Nd5
{[%clk 00:01:53]} {[%emt 00:00:58]} 35. Nxd5 {[%clk 00:03:01]} {[%emt
00:00:27]} cxd5 {[%clk 00:01:35]} {[%emt 00:00:28]} 36. Na3 {[%clk 00:02:15]}
{[%emt 00:00:56]} Bd6 {[%clk 00:01:31]} {[%emt 00:00:14]} 37. Nc2 {[%clk
00:02:01]} {[%emt 00:00:24]} Rc8 {[%clk 00:00:56]} {[%emt 00:00:44]} 38. Qd2
{[%clk 00:01:41]} {[%emt 00:00:30]} Rc7 {[%clk 00:00:48]} {[%emt 00:00:19]} 39.
b4 {[%clk 00:01:41]} {[%emt 00:00:08]} Bd7 {[%clk 00:00:48]} {[%emt 00:00:04]}
40. Rb1 {[%clk 00:01:13]} {[%emt 00:00:39]} Ba4 {[%clk 00:00:48]} {[%emt
00:00:04]} 41. Rdc1 {[%clk 00:01:06]} {[%emt 00:00:17]} Rhc8 {[%clk 00:00:48]}
{[%emt 00:00:03]} 42. Bd1 {[%clk 00:01:04]} {[%emt 00:00:12]} Rc3 {[%clk
00:00:33]} {[%emt 00:00:26]} 43. Qf2 {[%clk 00:00:34]} {[%emt 00:00:39]} Qc7
{[%clk 00:00:16]} {[%emt 00:00:27]} 44. Rb2 {[%clk 00:00:34]} {[%emt 00:00:09]}
h3 {[%clk 00:00:16]} {[%emt 00:00:08]} 45. g3 {[%clk 00:00:34]} {[%emt
00:00:08]} Rd3 {[%clk 00:00:16]} {[%emt 00:00:06]} 46. Qe1 {[%clk 00:00:19]}
{[%emt 00:00:26]} Qc3 {[%clk 00:00:14]} {[%emt 00:00:13]} 47. Qe2 {[%clk
00:00:06]} {[%emt 00:00:22]} Qxb2 {[%clk 00:00:14]} {[%emt 00:00:04]} 0-1